000 00884nam0a22002651 4500
001 rc\3272203
005 20250609172656.0
035 _a(NLR Aleph) 007393267
090 _a6633503
_c6633503
100 _a20130115d1970 |||y0rusy50 ca
101 0 _arus
102 _aRU
105 _aa z |||||
200 1 _aОрганизация планирования научно-технического прогресса
210 _aМосква
_cЭкономика
_d1970
215 _a230 с.
_cил.
_d21
320 _aБиблиогр.: с. 225-228
700 1 _aЗайцев
_bБ. Ф.
_cд-р экон. наук
_gБорис Федорович
_9222641
_3RU\NLR\AUTH\770222697
701 1 _aЛапин
_bБ.А.
_gБорис Алексеевич
801 0 _aRU
_bNLR
_gpsbo
801 1 _aRU
_bELAR
_2rusmarc
852 _aNLR
_j70-3/4461
942 _cBOOK
980 _aNB